El sentido artístico de los animales.
Uloženo v:
| Hlavní autor: | |
|---|---|
| Další autoři: | |
| Médium: | Neznámo |
| Vydáno: |
Ciudad Autónoma de Buenos Aires, Argentina:
Cactus,
2022.
|
| Vydání: | 1ra. edición en castellano. |
| Edice: | Serie Perenne.
|
| Témata: | |
| Tagy: |
Přidat tag
Žádné tagy, Buďte první, kdo vytvoří štítek k tomuto záznamu!
|
MARC
| LEADER | 00000 a2200000 4500 | ||
|---|---|---|---|
| 003 | CL-VaPUC | ||
| 005 | 20240314140811.0 | ||
| 008 | 221011t2022 ||||| |||| 00| 0 eng d | ||
| 999 | |c 439039 |d 439037 | ||
| 020 | |a 9789873831683 | ||
| 040 | |c Pontificia Universidad Católica de Valparaíso | ||
| 082 | 7 | |a 591.5 SOU 2022 |2 22 | |
| 100 | 1 | |a Souriau, Etienne |9 416282 |e autor | |
| 245 | 1 | 3 | |a El sentido artístico de los animales. |
| 246 | |a Les sens artistique des animaux (1965) | ||
| 250 | |a 1ra. edición en castellano. | ||
| 260 | |a Ciudad Autónoma de Buenos Aires, Argentina: |b Cactus, |c 2022. | ||
| 300 | |a 127 páginas. | ||
| 490 | 0 | |a Serie Perenne. | |
| 583 | |k Catalogador Asistente |c 20221011 | ||
| 650 | 0 | |a Psicología animal |9 511806 | |
| 650 | |a Comportamiento animal |x Fotografías |9 877527 | ||
| 650 | |a Zoología |9 261613 | ||
| 700 | |a Ires, Pablo |e traductor |9 887740 | ||
| 942 | |2 ddc |c BK | ||
| 952 | |0 0 |1 0 |2 ddc |4 0 |6 591_500000000000000_SOU_2022 |7 0 |8 A |9 587127 |a BIBART |b BIBART |d 2022-10-07 |e 135 |g 16700.00 |i 5655059 |o 591.5 SOU 2022 |p 5655059 |r 2025-03-13 |t 1 |v 16700.00 |w 2022-10-07 |y BK |k ART | ||
| 952 | |0 0 |1 0 |2 ddc |4 0 |6 591_500000000000000_SOU_2022 |7 0 |8 A |9 593638 |a BIBART |b BIBART |d 2024-03-13 |e 135 |g 16700.00 |i 5660346 |o 591.5 SOU 2022 |p 5660346 |r 2025-03-13 |t 2 |v 16700.00 |w 2024-03-13 |y BK |k ART | ||